Clásicos para flauta

Gespeichert in:
Bibliographische Detailangaben
1. Verfasser: Camps, Ramón M.
Format: Buch
Sprache:Spanisch
Erschienen: Barcelona : Balmes, 1973-
Katalog:MANES:  Suchergebnis im Bibliothekskatalog
Schulbuchspezifische Eigenschaften:
Schlagworte:
Tags: Tag hinzufügen
Keine Tags, Fügen Sie den ersten Tag hinzu!
Hinzugefügt zu:29.11.1999
Geändert in:07.05.2025

MARC

LEADER 00000cam a2200000 i 4500
005 20250507134600.0
008 000000m1973uuuuesp 000 0 spa d
020 |a 8421005626 
040 |a uned  |b spa  |c entro-manes 
100 1 |a Camps, Ramón M.  |9 40910 
245 1 0 |a Clásicos para flauta /   |c Ramón Camps 
260 |a Barcelona :   |b Balmes,   |c 1973- 
300 |a [1] v. 
505 1 |g V. 1.   |t Renacimiento, Barroco, Clasicismo, Romanticismo 
546 |a España 
561 |5 es-BUNED  |3 L.T.M. 0761  |a España. Fondo Manes UNED  |k MANES 
650 7 |a Instrumentos musicales  |9 37228 
690 0 |a EA 
942 |2 ddc  |c BK 
999 |c 97844  |d 97844 
999 |c manes:97844  |d 97844